| 000 | 00645nam a22002297a 4500 | ||
|---|---|---|---|
| 005 | 20170124105925.0 | ||
| 010 | _a472613 | ||
| 020 | _c00.00 | ||
| 035 | _a472613 | ||
| 037 | _bCen Lib/Ret | ||
| 040 |
_aDPL _bEN |
||
| 082 | _a027.8 | ||
| 100 |
_aMukherjee,A.K. _96273 |
||
| 245 |
_aSchool library : _cby A. K. Mukherjee _bSome practical hints / |
||
| 260 |
_aNew Delhi _bNCERT _c1965 |
||
| 270 |
_a114-Sunder Nagar _bNew Delhi _e110011 |
||
| 300 |
_a48p. : _c20cm(Hb) _bill. |
||
| 500 | _aIncludes appendix | ||
| 650 |
_aLibrary science _9105391 |
||
| 650 |
_aSchool libraries _9105392 |
||
| 942 |
_2ddc _cEN _h027.8 _mMUK |
||
| 999 |
_c123465 _d123465 |
||